00358nam a22001337a 4500999001700000008004500017020001800062082001500080100002100095245004500116260004600161300001000207942000700217 c12614d12614241223b 2021 ||||| |||| 00| 0 eng d a9780063138803 a153.8bCIA aCialdini, Robert aInfluence : the psychology of persuasion aNew YorkbHarper Collins Publishersc2021 a568p. cBK